Antropología económica (Registro nro. 17589)

Detalles MARC
000 -LEADER
fixed length control field 00317 a2200109 4500
001 - CONTROL NUMBER
control field ART_2647
005 - DATE AND TIME OF LATEST TRANSACTION
control field 20260410161728.0
008 - FIXED-LENGTH DATA ELEMENTS--GENERAL INFORMATION
fixed length control field 260409a
100 1# - MAIN ENTRY--PERSONAL NAME
Personal name Demonte, Norberto Gabriel
245 10 - TITLE STATEMENT
Title Antropología económica
773 0# - HOST ITEM ENTRY
Title Ciencias económicas
Related parts - Año 5, Vol. 2 (dic. 2007)
Record control number REV2567

No hay ítems disponibles.